| 000 | 00617nam a2200205 a 4500 | ||
|---|---|---|---|
| 001 | 5841 | ||
| 003 | CDMR | ||
| 005 | 20131213160237.0 | ||
| 008 | 130220s2011||||||||||||||||||||||||||||d | ||
| 020 | _a9788493770747 | ||
| 040 |
_aCDMR _bcat _cCDMR |
||
| 100 | 1 |
_aGabilondo, Iñaki _91224 |
|
| 245 | 1 | 3 |
_aEl fin de una época _b: sobre el oficio de contar las cosas _cIñaki Gabilondo; [con la colaboración de David Guzmán] |
| 260 |
_aBarcelona _bBarril & Barral _c2011 |
||
| 300 |
_a182 p. ; _c20 cm |
||
| 490 | 0 |
_aColección Rilke _v2 |
|
| 650 | 0 | 4 |
_9382 _aPeriodisme |
| 700 | 1 |
_94524 _aGuzmán, David |
|
| 942 |
_cMON _2udc |
||
| 999 |
_c5841 _d5841 |
||